000
00280nam a2200109Ia 4500
005
20251222114400.0
008
251222s1900||||xx |||||||||||||| ||spa||
082
_a
DVD0093/J93P/2006
245
0
_a
La verdad sobre la pĂldora (AOE)
264
_b
Fajardo Olivares, Walter
942
_c
DVD
999
_c
1616
_d
1616